000 00567nam a2200193Ia 4500
003 GCL
008 140319s9999 xx 000 0 eng d
040 _aGCL /
_cGCL
082 0 4 _a658.4'02
_bE D
100 1 _aEVAN, WILLIAM M.
245 1 0 _aOrganization Theary, Research And Design /
_cEVAN, WILLIAM M.
260 _a[S.N] :
_bMACMILLAN PUBBISHING CO ،
_c1993
300 _a476 P
650 0 4 _aORGANIZATIONAL BEHAVIOR
650 0 4 _aINDUSTRIAL ORGANIZATION MANAGEMENT
650 0 4 _aORGANIZATIONAL SOCIOLOGY
650 0 4 _aINTERORGANIZATIONAL
942 _2ddc
_cBK
999 _c14584
_d14584